| 000 | 00592nmc a2200241 a 4500 | ||
|---|---|---|---|
| 003 | AR-BaBNM | ||
| 005 | 20251128211535.0 | ||
| 008 | 174120s1988 ||||||||||||||000 | spa|| | ||
| 020 | _a0-435-27814-2 | ||
| 040 | _cAR-BaBNM | ||
| 245 | 1 | 0 | _aThe singer not the song |
| 260 |
_aOxford _bHeinemann _c1988 |
||
| 300 |
_a32 p. _bil. |
||
| 490 | 0 | _aNew wave readers | |
| 650 | 4 | _aENSENANZA DE IDIOMAS | |
| 650 | 4 | _aINGLES | |
| 650 | 4 | _aCUENTOS | |
| 653 | _aLITERATURA DIDACTICA | ||
| 700 | 1 |
_aDriscoll, Liz _eadaptador |
|
| 800 | 1 | _aMc. Lean, Alan C. | |
| 942 | _cBK | ||
| 998 | _cEugenia | ||
| 999 |
_c20102 _d20102 |
||